| 000 | 01360nac a22003131u 4500 | ||
|---|---|---|---|
| 010 | _a 2006298549 | ||
| 020 | _a0521840902 (hbk.) | ||
| 020 | _a052160060X (pbk.) | ||
| 024 | 3 | _a9780521840903 | |
| 024 | 3 | _a9780521600606 | |
| 035 | _a(OCoLC)ocm63186211 | ||
| 082 | 0 | 4 |
_a330.156092 _bBAC |
| 090 |
_c6973 _d6973 |
||
| 100 | _aBackhouse, Roger E. [e | ||
| 245 | 0 | 4 |
_aThe Cambridge companion to Keynes / _cedited by Roger E. Backhouse and Bradley W. Bateman. |
| 260 |
_aCambridge, UK ; _aNew York : _bCambridge University Press,c.2006. _cc.2006. |
||
| 300 |
_axiv, 327 p. ; _c24 cm. |
||
| 500 | _aDistributer: Al-Ahram. | ||
| 504 | _aIncludes bibliographical references (p. 291-310) and index. | ||
| 511 | _aCatalogued By: Mahitab. | ||
| 650 | 0 | _aKeynesian economics. | |
| 700 | 1 |
_aBackhouse, Roger, _d1951- |
|
| 700 | 1 |
_aBateman, Bradley W., _d1956- |
|
| 856 | 4 | 2 |
_3Publisher description _uhttp://www.loc.gov/catdir/enhancements/fy0702/2006298549-d.html |
| 856 | 4 | 2 |
_3Table of contents only _uhttp://www.loc.gov/catdir/enhancements/fy0702/2006298549-t.html |
| 856 | 4 | 2 |
_3Contributor biographical information _uhttp://www.loc.gov/catdir/enhancements/fy0733/2006298549-b.html |
| 942 |
_cBB _k330.156092BAC |
||
| 999 |
_c6973 _d6973 |
||